[Event "AUT-ch Vor4 Internet"]
[Site "Playchess.com INT"]
[Date "2020.04.25"]
[Round "1"]
[White "Rosol, Philip"]
[Black "Ticar, Clemens"]
[Result "1-0"]
[WhiteElo "1468"]
[BlackElo "1753"]
[PlyCount "103"]
[EventDate "2020.04.25"]
[EventType "swiss (blitz)"]
[EventRounds "9"]
[EventCountry "AUT"]
[SourceTitle "EXT 2021"]
[Source "ChessBase"]
[SourceDate "2020.10.23"]
[SourceVersion "1"]
[SourceVersionDate "2020.10.23"]
[SourceQuality "1"]

1. e4 d6 2. d4 Nf6 3. Nc3 e5 4. dxe5 dxe5 5. Qxd8+ Kxd8 6. Bc4 Be6 7. Bxe6 fxe6 8. Bg5 Nbd7 9. 0-0-0 Bd6 10. f3 Ke7 11. Nge2 h6 12. Be3 a6 13. Kb1 b5 14. f4 exf4 15. Bxf4 g5 16. Bxd6+ cxd6 17. Nd4 Nc5 18. Nc6+ Kd7 19. Nd4 Ncxe4 20. Nxe4 Nxe4 21. Rhe1 Nc5 22. b4 e5 23. bxc5 exd4 24. Rxd4 Kc6 25. cxd6 Rad8 26. Re6 Rd7 27. Kb2 h5 28. Re5 g4 29. Rdd5 Rxd6 30. Rxh5 Rxd5 31. Rxh8 Rd2 32. g3 Kc5 33. Rc8+ Kb6 34. Rh8 a5 35. Rh4 Rd4 36. c3 Rd2+ 37. Kb3 a4+ 38. Ka3 Rd3 39. Rxg4 Rxc3+ 40. Kb2 Rf3 41. Rg6+ Kc5 42. h4 b4 43. Rg8 Rf2+ 44. Kb1 Kc4 45. Rc8+ Kd3 46. g4 a3 47. g5 Rh2 48. g6 Rxh4 49. g7 Rh1+ 50. Rc1 b3 51. Rxh1 bxa2+ 52. Kxa2 1-0

[Event "AUT-ch Vor3 Internet"]
[Site "Playchess.com INT"]
[Date "2020.04.17"]
[Round "6"]
[White "Mittelbach, Eduard"]
[Black "Ticar, Clemens"]
[Result "1-0"]
[WhiteElo "1667"]
[BlackElo "1753"]
[PlyCount "141"]
[EventDate "2020.04.17"]
[EventType "swiss (blitz)"]
[EventRounds "9"]
[EventCountry "AUT"]
[SourceTitle "CBM 195 Extra"]
[Source "ChessBase"]
[SourceDate "2020.05.31"]
[SourceVersion "1"]
[SourceVersionDate "2020.05.31"]
[SourceQuality "1"]

1. e4 d6 2. d4 Nf6 3. Nc3 e5 4. dxe5 dxe5 5. Qxd8+ Kxd8 6. Bg5 Be6 7. 0-0-0+ Nbd7 8. Bxf6+ gxf6 9. Bb5 c6 10. Ba4 Kc7 11. Nf3 Bh6+ 12. Kb1 b5 13. Bb3 Bxb3 14. cxb3 b4 15. Na4 Nb6 16. Nc5 a5 17. Rd3 a4 18. bxa4 Nxa4 19. Nxa4 Rxa4 20. Rhd1 Rha8 21. Rd7+ Kb6 22. Nd2 Rxa2 23. Nc4+ Kb5 24. Na3+ bxa3 25. Kxa2 axb2+ 26. Kxb2 Ra4 27. Rb7+ Kc5 28. Rdd7 Rxe4 29. Rxf7 Re2+ 30. Kc3 Rxf2 31. Rxf6 Rxf6 32. Rxh7 Bc1 33. h3 Rf2 34. g4 Bd2+ 35. Kd3 Ba5 36. g5 Rg2 37. h4 Rg3+ 38. Ke4 Bc3 39. Rg7 Rf3 40. h5 Rf1 41. h6 Re1+ 42. Kd3 Kb4 43. Rb7+ Kc5 44. h7 e4+ 45. Kxc3 Rh1 46. g6 e3 47. Kd3 Rh3 48. g7 e2+ 49. Kxe2 Rh2+ 50. Kf3 Rxh7 51. g8Q Rxb7 52. Qg5+ Kb6 53. Qe3+ Kb5 54. Ke2 c5 55. Kd2 Rd7+ 56. Kc3 c4 57. Qe8 Kc6 58. Kxc4 Kd6 59. Qb8+ Rc7+ 60. Kb5 Kd7 61. Kb6 Rc1 62. Qf4 Rb1+ 63. Kc5 Rb7 64. Qf7+ Kc8 65. Qe8+ Kc7 66. Qe5+ Kc8 67. Kc6 Rd7 68. Qe8+ Rd8 69. Qe3 Kb8 70. Qb6+ Kc8 71. Qb7# 1-0

[Event "AUT-ch Vor3 Internet"]
[Site "Playchess.com INT"]
[Date "2020.04.17"]
[Round "4"]
[White "Neubauer, Anton"]
[Black "Ticar, Clemens"]
[Result "1-0"]
[WhiteElo "1879"]
[BlackElo "1753"]
[PlyCount "73"]
[EventDate "2020.04.17"]
[EventType "swiss (blitz)"]
[EventRounds "9"]
[EventCountry "AUT"]
[SourceTitle "CBM 195 Extra"]
[Source "ChessBase"]
[SourceDate "2020.05.31"]
[SourceVersion "1"]
[SourceVersionDate "2020.05.31"]
[SourceQuality "1"]

1. d4 d6 2. Bf4 Nf6 3. c4 g6 4. e3 Bg7 5. Nf3 0-0 6. Bd3 Re8 7. 0-0 Nbd7 8. h3 c5 9. Nc3 b6 10. Re1 Bb7 11. d5 a6 12. e4 Qc7 13. Qd2 e5 14. Bh6 Rab8 15. Bxg7 Kxg7 16. Qg5 h6 17. Qh4 g5 18. Nxg5 h5 19. Nxf7 Kxf7 20. Qg5 Rg8 21. Qf5 Rbf8 22. Be2 Ke8 23. Qe6+ Kd8 24. a4 Kc8 25. a5 Kb8 26. axb6 Nxb6 27. b4 Bc8 28. Nb5 Qg7 29. Qxd6+ Ka8 30. Nc7+ Ka7 31. Bf3 Bxh3 32. Ra5 Bxg2 33. Rxa6+ Kb7 34. Qc6+ Kc8 35. Ne6+ Kb8 36. Nxg7 Rxg7 37. Rxb6+ 1-0

[Event "AUT-ch Vor3 Internet"]
[Site "Playchess.com INT"]
[Date "2020.04.17"]
[Round "3"]
[White "Ticar, Clemens"]
[Black "Wischounig, Laurin"]
[Result "0-1"]
[WhiteElo "1753"]
[BlackElo "1878"]
[PlyCount "74"]
[EventDate "2020.04.17"]
[EventType "swiss (blitz)"]
[EventRounds "9"]
[EventCountry "AUT"]
[SourceTitle "CBM 195 Extra"]
[Source "ChessBase"]
[SourceDate "2020.05.31"]
[SourceVersion "1"]
[SourceVersionDate "2020.05.31"]
[SourceQuality "1"]

1. Nf3 d5 2. c4 c6 3. e3 Nf6 4. d4 Bg4 5. b3 e6 6. Bb2 Nbd7 7. Nc3 Be7 8. Bd3 0-0 9. 0-0 a6 10. h3 Bh5 11. Rc1 b5 12. cxd5 cxd5 13. Ne5 Bxd1 14. Rfxd1 Nxe5 15. dxe5 Nd7 16. f4 Bc5 17. Re1 Qb6 18. Nd1 Rac8 19. Kh2 f6 20. e4 fxe5 21. exd5 exd5 22. fxe5 Rce8 23. Bc2 d4 24. b4 Bxb4 25. Bb3+ Kh8 26. Re4 Bc5 27. e6 Nf6 28. Rh4 a5 29. Nf2 a4 30. Bc2 Qxe6 31. Bb1 Bd6+ 32. g3 Qe2 33. Bxd4 Nh5 34. Bd3 Bxg3+ 35. Kg2 Rxf2+ 36. Bxf2 Qxf2+ 37. Kh1 Qh2# 0-1

[Event "AUT-ch Vor2 Internet"]
[Site "Playchess.com INT"]
[Date "2020.04.13"]
[Round "8"]
[White "Stolzlechner, Andreas"]
[Black "Ticar, Clemens"]
[Result "1-0"]
[WhiteElo "1835"]
[BlackElo "1753"]
[PlyCount "105"]
[EventDate "2020.04.13"]
[EventType "swiss (blitz)"]
[EventRounds "9"]
[EventCountry "AUT"]
[SourceTitle "CBM 195 Extra"]
[Source "ChessBase"]
[SourceDate "2020.05.31"]
[SourceVersion "1"]
[SourceVersionDate "2020.05.31"]
[SourceQuality "1"]

1. e4 d6 2. d4 Nf6 3. Nc3 e5 4. dxe5 dxe5 5. Qxd8+ Kxd8 6. Nf3 Bd6 7. Bg5 h6 8. Bh4 g5 9. Bg3 Nc6 10. 0-0-0 Ke7 11. Nd5+ Nxd5 12. exd5 g4 13. Nh4 Nd4 14. Bd3 Rd8 15. c3 e4 16. Bxe4 Bxg3 17. hxg3 Ne2+ 18. Kd2 Nxg3 19. fxg3 Kf8 20. c4 c6 21. Kc3 cxd5 22. Bxd5 Bd7 23. Rhf1 Be8 24. Rf6 Kg7 25. Rdf1 Rd7 26. R6f4 Rc8 27. Rxg4+ Kh7 28. Rd4 b5 29. b3 bxc4 30. Bxc4 Rdc7 31. Nf5 Rc6 32. Nd6 Rd8 33. Nxe8 Rxe8 34. Rxf7+ Kg6 35. Rg4+ Kh5 36. Rh4+ Kg6 37. Rf3 Re1 38. a4 Rc1+ 39. Kb4 Re1 40. Rhf4 Rb6+ 41. Kc5 Re5+ 42. Kd4 Re7 43. Re4 Rd7+ 44. Kc3 Rd1 45. Rfe3 Rc1+ 46. Kb2 Rg1 47. Re6+ Kf7 48. Rxb6+ Kf8 49. Rxh6 Rxg2+ 50. Ka3 Rd2 51. Rd3 Rf2 52. Rd7 Ke8 53. Rxa7 1-0

[Event "AUT-ch Vor1 Internet"]
[Site "Playchess.com INT"]
[Date "2020.04.11"]
[Round "2"]
[White "Ploeckinger, Paul"]
[Black "Ticar, Clemens"]
[Result "1-0"]
[WhiteElo "1334"]
[BlackElo "1753"]
[PlyCount "105"]
[EventDate "2020.04.11"]
[EventType "swiss (blitz)"]
[EventRounds "9"]
[EventCountry "AUT"]
[SourceTitle "CBM 195 Extra"]
[Source "ChessBase"]
[SourceDate "2020.05.31"]
[SourceVersion "1"]
[SourceVersionDate "2020.05.31"]
[SourceQuality "1"]

1. c4 d6 2. Nc3 Nf6 3. d4 g6 4. e3 Bg7 5. Nf3 0-0 6. Qc2 c6 7. Be2 Bf5 8. e4 Bg4 9. h3 Bxf3 10. Bxf3 e5 11. d5 cxd5 12. cxd5 Nbd7 13. 0-0 Rc8 14. Qb3 Qb6 15. Be3 Qxb3 16. axb3 a6 17. Rfc1 Nc5 18. Bxc5 Rxc5 19. Na4 Rcc8 20. Nb6 Rxc1+ 21. Rxc1 Nd7 22. Nxd7 Rd8 23. Nb6 f5 24. exf5 g5 25. Rc8 Rxc8 26. Nxc8 Kf7 27. Nxd6+ Ke7 28. Nxb7 e4 29. Bxe4 Bxb2 30. f3 h5 31. Kf1 Kf6 32. Ke2 Ke5 33. Nd8 Kd4 34. Ne6+ Ke5 35. Nxg5 Kf4 36. Ne6+ Ke5 37. Nc5 Bd4 38. Nxa6 h4 39. b4 Bb6 40. b5 Kd6 41. Kd3 Ke5 42. Kc4 Kf6 43. d6 Ke5 44. d7 Kd6 45. Bc6 Ke7 46. Kd5 Kd8 47. Nb4 Bf2 48. f6 Bb6 49. f7 Ke7 50. f8Q+ Kxf8 51. Kd6 Kf7 52. Nd5 Kf8 53. Nxb6 1-0

[Event "AUT-ch Vor1 Internet"]
[Site "Playchess.com INT"]
[Date "2020.04.11"]
[Round "8"]
[White "Ticar, Clemens"]
[Black "Haemmerle, Dietmar"]
[Result "0-1"]
[WhiteElo "1753"]
[BlackElo "1762"]
[PlyCount "116"]
[EventDate "2020.04.11"]
[EventType "swiss (blitz)"]
[EventRounds "9"]
[EventCountry "AUT"]
[SourceTitle "CBM 195 Extra"]
[Source "ChessBase"]
[SourceDate "2020.05.31"]
[SourceVersion "1"]
[SourceVersionDate "2020.05.31"]
[SourceQuality "1"]

1. d4 Nf6 2. c4 e5 3. dxe5 Ne4 4. Nf3 Bb4+ 5. Bd2 Nxd2 6. Nbxd2 0-0 7. a3 Be7 8. e4 d6 9. exd6 Bxd6 10. Be2 Re8 11. 0-0 Nc6 12. b4 Ne5 13. c5 Nxf3+ 14. Nxf3 Be5 15. Qxd8 Rxd8 16. Nxe5 c6 17. Bc4 Be6 18. Rad1 Re8 19. Bxe6 Rxe6 20. Nc4 Rxe4 21. Nd6 Re7 22. Rfe1 Kf8 23. Rxe7 Kxe7 24. Re1+ Kf6 25. h4 b6 26. Ne8+ Kg6 27. Re4 f5 28. Re6+ Kf7 29. Re2 Rxe8 30. Rxe8 Kxe8 31. Kf1 Ke7 32. Ke2 Ke6 33. Ke3 Ke5 34. cxb6 axb6 35. f4+ Kd5 36. Kd3 h5 37. g3 b5 38. Ke3 Kc4 39. Kd2 Kb3 40. Kd3 Kxa3 41. Kc3 g6 42. Kd4 Kxb4 43. Ke5 Kc4 44. Kf6 b4 45. Kxg6 b3 46. Kxh5 b2 47. Kg5 b1Q 48. h5 Qb8 49. h6 Qg8+ 50. Kxf5 Qh7+ 51. Kg5 Kd5 52. Kh5 Ke4 53. g4 Kxf4 54. g5 Kf5 55. Kh4 Qg6 56. Kg3 Qxg5+ 57. Kf3 Qxh6 58. Ke2 Qh3 0-1

[Event "AUT-ch Vor1 Internet"]
[Site "Playchess.com INT"]
[Date "2020.04.11"]
[Round "5"]
[White "Ticar, Clemens"]
[Black "Schein, Leopold"]
[Result "1-0"]
[WhiteElo "1753"]
[BlackElo "1584"]
[PlyCount "63"]
[EventDate "2020.04.11"]
[EventType "swiss (blitz)"]
[EventRounds "9"]
[EventCountry "AUT"]
[SourceTitle "CBM 195 Extra"]
[Source "ChessBase"]
[SourceDate "2020.05.31"]
[SourceVersion "1"]
[SourceVersionDate "2020.05.31"]
[SourceQuality "1"]

1. d4 Nf6 2. c4 e6 3. Nf3 Bb4+ 4. Bd2 Qe7 5. a3 Bxd2+ 6. Nbxd2 0-0 7. g3 b6 8. Bg2 Bb7 9. 0-0 d5 10. b4 Nbd7 11. Re1 c5 12. dxc5 bxc5 13. cxd5 Nxd5 14. e4 N5f6 15. e5 Nd5 16. Ne4 cxb4 17. Nd6 Rfb8 18. axb4 Nxb4 19. Nxb7 Rxb7 20. Nd4 Nd5 21. Qa4 N7b6 22. Qc6 Rc7 23. Qd6 Qxd6 24. exd6 Rd7 25. Nb5 a6 26. Nc7 Nxc7 27. dxc7 Rc8 28. Rxa6 Nd5 29. Bxd5 Rxd5 30. Ra7 Rc5 31. Rb1 g6 32. Rb8 1-0

[Event "AUT-ch Vor1 Internet"]
[Site "Playchess.com INT"]
[Date "2020.04.11"]
[Round "1"]
[White "Ticar, Clemens"]
[Black "Schwarz, Christian1111"]
[Result "0-1"]
[WhiteElo "1753"]
[BlackElo "1948"]
[PlyCount "62"]
[EventDate "2020.04.11"]
[EventType "swiss (blitz)"]
[EventRounds "9"]
[EventCountry "AUT"]
[SourceTitle "CBM 195 Extra"]
[Source "ChessBase"]
[SourceDate "2020.05.31"]
[SourceVersion "1"]
[SourceVersionDate "2020.05.31"]
[SourceQuality "1"]

1. d4 Nf6 2. c4 g6 3. Nc3 d5 4. Nf3 Bg7 5. Bg5 dxc4 6. e4 c6 7. Bxc4 Qa5 8. 0-0 Bg4 9. Bd2 Qb4 10. Qb3 Qxb3 11. axb3 0-0 12. Ne5 Nbd7 13. f3 Be6 14. Bxe6 fxe6 15. Nd3 a6 16. Nf4 Kf7 17. Rfe1 Rfd8 18. d5 exd5 19. exd5 cxd5 20. Ncxd5 e5 21. Nxf6 Nxf6 22. Ne2 Rxd2 23. Nc3 Re8 24. b4 Rxb2 25. Rab1 Rxb1 26. Rxb1 Rc8 27. Na4 e4 28. fxe4 Nxe4 29. Nb6 Bd4+ 30. Kf1 Bxb6 31. b5 Nd2+ 0-1

[Event "Leitersdorf Region-ch"]
[Site "Leitersdorf"]
[Date "2015.01.04"]
[Round "3"]
[White "Lafer, David"]
[Black "Ticar, Clemens"]
[Result "0-1"]
[WhiteElo "1660"]
[BlackElo "1617"]
[PlyCount "58"]
[EventDate "2015.01.02"]
[EventType "swiss"]
[EventRounds "5"]
[EventCountry "AUT"]
[SourceTitle "CBM 164 Extra"]
[Source "ChessBase"]
[SourceDate "2015.03.02"]
[SourceVersion "1"]
[SourceVersionDate "2015.03.02"]
[SourceQuality "1"]

1. e4 d6 2. d4 Nf6 3. Bd3 g6 4. c4 Bg7 5. Ne2 0-0 6. 0-0 c5 7. d5 e6 8. Bd2 exd5 9. exd5 b5 10. Bc3 b4 11. Bd2 Ng4 12. Bc1 Qh4 13. h3 Ne5 14. Ng3 Nxc4 15. Bxc4 Qxc4 16. Re1 Bb7 17. Ne4 Be5 18. Nbd2 Qxd5 19. f3 Bd4+ 20. Kh1 Na6 21. a4 Rfe8 22. Rb1 f5 23. Ng3 Bf2 24. Rxe8+ Rxe8 25. Ne2 Qe5 26. Ne4 fxe4 27. f4 Qd5 28. Bd2 e3 29. Be1 Qxg2# 0-1

[Event "Leitersdorf Region-ch"]
[Site "Leitersdorf"]
[Date "2015.01.02"]
[Round "1"]
[White "Schloffer, Jasmin Denise"]
[Black "Ticar, Clemens"]
[Result "1-0"]
[WhiteElo "1856"]
[BlackElo "1617"]
[PlyCount "69"]
[EventDate "2015.01.02"]
[EventType "swiss"]
[EventRounds "5"]
[EventCountry "AUT"]
[SourceTitle "CBM 164 Extra"]
[Source "ChessBase"]
[SourceDate "2015.03.02"]
[SourceVersion "1"]
[SourceVersionDate "2015.03.02"]
[SourceQuality "1"]

1. d4 Nf6 2. c4 e6 3. Nc3 c5 4. d5 exd5 5. cxd5 d6 6. e4 g6 7. f4 Bg7 8. e5 Qe7 9. Qe2 dxe5 10. fxe5 Nfd7 11. d6 Qxe5 12. Nd5 0-0 13. Qxe5 Bxe5 14. Nc7 Bxd6 15. Nxa8 Re8+ 16. Be2 b6 17. Kf2 Nc6 18. Nf3 Bb7 19. Nxb6 axb6 20. Rd1 Nd4 21. Nxd4 cxd4 22. Bb5 Rd8 23. Bh6 Ne5 24. h3 f6 25. Bd2 Bc5 26. b4 Bf8 27. Rac1 Bd6 28. a4 Bb8 29. Bc3 d3 30. Bxe5 Bxe5 31. Rxd3 Rxd3 32. Bxd3 Bd4+ 33. Kf1 Be5 34. a5 Kg7 35. a6 1-0

[Event "Leitersdorf Region-ch"]
[Site "Leitersdorf"]
[Date "2014.01.04"]
[Round "3"]
[White "Heinisch, Wolfgang"]
[Black "Ticar, Clemens"]
[Result "1-0"]
[WhiteElo "1934"]
[BlackElo "1757"]
[PlyCount "57"]
[EventDate "2014.01.02"]
[EventType "swiss"]
[EventRounds "5"]
[EventCountry "AUT"]
[SourceTitle "CBM 158 Extra"]
[Source "ChessBase"]
[SourceDate "2014.02.28"]
[SourceVersion "1"]
[SourceVersionDate "2014.02.28"]
[SourceQuality "1"]

1. e4 c5 2. Nc3 g6 3. f4 Bg7 4. Nf3 Nc6 5. Bb5 e6 6. Bxc6 bxc6 7. d3 Ne7 8. 0-0 0-0 9. Qe1 d5 10. Na4 c4 11. d4 a5 12. e5 Ba6 13. c3 Nc8 14. g4 f5 15. exf6 Qxf6 16. Nc5 Re8 17. Ng5 Nd6 18. Qg3 Re7 19. f5 exf5 20. Bf4 Ne4 21. Ngxe4 dxe4 22. gxf5 gxf5 23. Bg5 Qf7 24. Bxe7 Qxe7 25. Rxf5 Kh8 26. Nxa6 Rxa6 27. Qb8+ Bf8 28. Rxf8+ Kg7 29. Rg8+ 1-0

[Event "Graz op-B 19th"]
[Site "Graz"]
[Date "2012.08.27"]
[Round "3"]
[White "Ticar, Clemens"]
[Black "Wezel, Sebastian"]
[Result "0-1"]
[WhiteElo "1703"]
[BlackElo "1883"]
[PlyCount "60"]
[EventDate "2012.08.25"]
[EventType "swiss"]
[EventRounds "9"]
[EventCountry "AUT"]
[SourceTitle "CBM 150 Extra"]
[Source "ChessBase"]
[SourceDate "2012.10.19"]
[SourceVersion "1"]
[SourceVersionDate "2012.10.19"]
[SourceQuality "1"]

1. d4 Nf6 2. c4 g6 3. Nc3 Bg7 4. e4 d6 5. f3 0-0 6. Be3 a6 7. Bd3 Nbd7 8. Qd2 c5 9. d5 Ne5 10. Nge2 Qa5 11. 0-0 Nfd7 12. h3 Nxd3 13. Qxd3 Ne5 14. Qc2 Nxc4 15. Bf2 b5 16. b3 Na3 17. Qc1 Bd7 18. Be1 b4 19. Nd1 Bb5 20. Kf2 Qb6 21. Nb2 c4+ 22. Kg3 c3 23. Nc4 Nxc4 24. bxc4 Bxc4 25. Bf2 Qb5 26. a4 Qb7 27. Re1 b3 28. Ra3 b2 29. Qc2 Bxe2 30. Rb3 Bd3 0-1